[Event "12th Asrian Memorial 2019"]
[Site "Yerevan"]
[Date "2019.06.17"]
[Round "7.8"]
[White "Petrosian, Tigran L."]
[Black "Barseghyan, Armen Ar."]
[Result "1/2-1/2"]
[WhiteElo "2612"]
[BlackElo "2294"]
[Annotator "TA"]
[PlyCount "87"]
[EventDate "2019.06.11"]
[EventType "swiss"]
[EventCountry "ARM"]
[SourceTitle "playchess.com"]
[Source "ChessBase"]
[SourceQuality "1"]

{[%evp 9,87,0,2,0,0,6,19,-13,0,-14,-14,-14,-16,-14,-20,-11,-10,0,16,-14,20,0,23,21,10,2,22,32,32,29,43,39,50,56,59,10,12,10,10,8,10,10,9,0,0,0,0,0,0,0,0,0,0,-23,-27,-33,0,6,43,32,32,34,44,43,54,32,33,0,0,0,36,0,0,0,0,0,0,-18,-18,-37]} 1. Nf3 c5 2. b3 Nf6 3. Bb2 g6 4. e4 (4. g3 Bg7 5. Bg2 O-O 6. O-O d5 7. c4 d4 8. e3 Nc6 9. exd4 cxd4 10. Re1 Nd7 11. d3 a5 12. Na3 Nc5 13. Nb5 Bf5 14. Bf1 e5 15. Ba3 b6 16. Nh4 Be6 {0-1 (45) Iturrizaga Bonelli,E (2636)-Lagarde,M (2615) Bastia 2018}) 4... d6 5. Bb5+ Nbd7 6. O-O {A05: Réti Opening: 1 Nf3 Nf6} Bg7 7. Re1 O-O 8. a4 a6 9. Bxd7 Bxd7 10. a5 e5 11. d3 Nh5 12. Nc3 $146 f5 13. Nd5 Be6 14. c4 Bh6 15. Nd2 Nf4 16. Nxf4 Bxf4 17. Bc3 Rf7 18. b4 cxb4 19. Bxb4 Qe7 20. d4 Raf8 21. dxe5 Bxe5 {[#]} 22. exf5 $1 {[%mdl 512]} Rxf5 {[#]} (22... Bxf5 23. Nf3) 23. Rxe5 $1 {[%mdl 512]} Rxe5 (23... dxe5 24. Bxe7) 24. Nf3 Rxf3 25. Qxf3 Bxc4 26. Qd1 Qe6 27. h3 Bb5 28. Bc3 Rd5 29. Qb3 {aiming for Re1.} Re5 30. Qd1 Rd5 31. Qc1 Rc5 32. Qd2 Bc6 33. f3 $1 ({Don't play} 33. Qd4 Qe5 $17) 33... Rd5 34. Qh6 {[%csl Gc3][%cal Rh6g7][%mdl 1024] White has compensation.} Qf7 35. Re1 Rd3 36. Ba1 Rd5 $1 37. Qh4 g5 38. Qg4 Qf5 {Black wants to play ...Qxg4.} 39. Qb4 Qc2 (39... Rxa5 $5 {[%cal Rf5c5]} 40. Qb3+ (40. Qxd6 Qc5+ 41. Qxc5 Rxc5 $17) 40... Rd5 $11) 40. Kh2 (40. Bc3 $5 {[%cal Rb4b6]} Rd1 41. Qc4+ d5 {[#]} 42. Qg4 $1 {[%mdl 512]} Rxe1+ 43. Bxe1 $14) 40... Qd2 {The position is equal.} 41. Bc3 Qf4+ 42. Qxf4 gxf4 43. Re7 Rc5 44. Bd2 {Accuracy: White = 63%, Black = 50%.} 1/2-1/2

[Event "12th Asrian Memorial 2019"]
[Site "Yerevan"]
[Date "2019.06.17"]
[Round "7.9"]
[White "Babujian, Levon"]
[Black "Ghukasyan, Siranush"]
[Result "1-0"]
[WhiteElo "2485"]
[BlackElo "2255"]
[Annotator "RC"]
[PlyCount "75"]
[EventDate "2019.06.11"]
[EventType "swiss"]
[EventCountry "ARM"]
[SourceTitle "playchess.com"]
[Source "ChessBase"]
[SourceQuality "1"]
[TimeControl "40/5400+30:1800+30"]

1. d4 {[%emt 0:00:00]} d5 {[%emt 0:00:00]} 2. c4 {[%emt 0:00:00]} c6 {[%emt 0:00:00]} 3. Nc3 {[%emt 0:00:02]} Nf6 {[%emt 0:00:00]} 4. Nf3 {[%emt 0:00:08]} dxc4 {[%emt 0:00:00]} 5. a4 {[%emt 0:00:06]} Bf5 {[%emt 0:00:00]} 6. e3 {[%emt 0:00:12]} e6 {[%emt 0:00:20]} 7. Bxc4 {[%emt 0:00:06]} Bb4 {[%emt 0:00:06]} 8. O-O {[%emt 0:00:06]} Nbd7 {[%emt 0:00:07]} 9. Nh4 {[%emt 0:00:14]} O-O {[%emt 0:00:23]} 10. Nxf5 {[%emt 0:00:06]} exf5 {[%emt 0:00:06]} 11. Qc2 {[%emt 0:00:04]} g6 {[%emt 0:00:04]} 12. f3 {[%emt 0:00:12]} Qb6 {[%emt 0:16:03]} 13. Bd2 {[%emt 0:03:08]} a5 {[%emt 0:01:37]} 14. Kh1 {[%emt 0:02:11]} Rad8 {[%emt 0:03:05]} 15. Rad1 {[%emt 0:00:22]} f4 {[%emt 0:16:51]} 16. Ba2 {[%emt 0:05:46]} Rfe8 {[%emt 0:04:16]} 17. exf4 {[%emt 0:02:25]} Nf8 {[%emt 0:02:19]} 18. f5 {[%emt 0:09:19]} Rxd4 {[%emt 0:02:36]} 19. Bg5 {[%emt 0:00:45]} Rxd1 {[%emt 0:02:07]} 20. Rxd1 {[%emt 0:01:32]} Be7 {[%emt 0:06:49]} 21. Re1 {[%emt 0:01:48]} Bd8 {[%emt 0:02:45]} 22. Rd1 {[%emt 0:07:22]} Ng4 {[%emt 0:20:14]} 23. fxg4 {[%emt 0:00:29]} Bxg5 {[%emt 0:00:05]} 24. Rf1 {[%emt 0:00:31]} Re7 {[%emt 0:03:28]} 25. Ne4 {[%emt 0:01:08]} Qe3 {[%emt 0:00:56]} 26. Nd6 {[%emt 0:01:06]} Kg7 {[%emt 0:07:45]} 27. Qc4 {[%emt 0:03:42]} b5 {[%emt 0:05:08]} 28. axb5 {[%emt 0:02:05]} cxb5 {[%emt 0:00:04]} 29. Qxb5 {[%emt 0:00:11]} Qe2 {[%emt 0:01:25]} 30. Bc4 {[%emt 0:01:51]} Qxg4 {[%emt 0:00:24]} 31. Qd5 {[%emt 0:02:16]} Nd7 {[%emt 0:01:47]} 32. fxg6 {[%emt 0:00:18]} hxg6 {[%emt 0:00:32]} 33. Nxf7 {[%emt 0:04:53]} Bf6 {[%emt 0:02:33]} 34. Nd6 {[%emt 0:00:18]} Ne5 {[%emt 0:01:40]} 35. Qg8+ {[%emt 0:00:28]} Kh6 {[%emt 0:00:04]} 36. Qf8+ {[%emt 0:00:52]} Rg7 {[%emt 0:00:59]} 37. Qxf6 {[%emt 0:00:09]} Nxc4 {[%emt 0:00:40]} 38. Nf5+ {[%emt 0:00:12]} 1-0

[Event "12th Asrian Memorial 2019"]
[Site "Yerevan"]
[Date "2019.06.17"]
[Round "7.10"]
[White "Kotanjian, Tigran"]
[Black "Yeritsyan, Hayk"]
[Result "1-0"]
[WhiteElo "2462"]
[BlackElo "2208"]
[Annotator "RC"]
[PlyCount "79"]
[EventDate "2019.06.11"]
[EventType "swiss"]
[EventCountry "ARM"]
[SourceTitle "playchess.com"]
[Source "ChessBase"]
[SourceQuality "1"]
[TimeControl "40/5400+30:1800+30"]

1. d4 {[%emt 0:00:00]} d5 {[%emt 0:00:04]} 2. c4 {[%emt 0:00:00]} e6 {[%emt 0:00:14]} 3. Nc3 {[%emt 0:00:00]} Be7 {[%emt 0:00:06]} 4. Nf3 {[%emt 0:00:01]} Nf6 {[%emt 0:00:23]} 5. Bf4 {[%emt 0:00:39]} c5 {[%emt 0:00:16]} 6. dxc5 {[%emt 0:01:21]} Bxc5 {[%emt 0:00:17]} 7. e3 {[%emt 0:02:12]} Nc6 {[%emt 0:01:43]} 8. a3 {[%emt 0:00:20]} O-O {[%emt 0:00:10]} 9. Qc2 {[%emt 0:02:28]} Qa5 {[%emt 0:00:45]} 10. Nd2 {[%emt 0:00:51]} Be7 {[%emt 0:01:33]} 11. Bg3 {[%emt 0:05:01]} Qb6 {[%emt 0:00:56]} 12. Nb3 {[%emt 0:02:48]} d4 {[%emt 0:16:10]} 13. exd4 {[%emt 0:02:35]} Nxd4 {[%emt 0:00:05]} 14. Nxd4 {[%emt 0:00:09]} Qxd4 {[%emt 0:00:04]} 15. Rd1 {[%emt 0:01:07]} Qb6 {[%emt 0:00:28]} 16. Bd3 {[%emt 0:00:19]} Qc6 {[%emt 0:06:11]} 17. Ne4 {[%emt 0:01:31]} Nh5 {[%emt 0:03:58]} 18. Be5 {[%emt 0:16:39]} f5 {[%emt 0:14:45]} 19. O-O {[%emt 0:00:16]} b6 {[%emt 0:03:37]} 20. b4 {[%emt 0:01:01]} Bb7 {[%emt 0:04:03]} 21. b5 {[%emt 0:00:24]} Qc8 {[%emt 0:02:10]} 22. Nd6 {[%emt 0:00:27]} Qc5 {[%emt 0:02:36]} 23. Nxb7 {[%emt 0:00:12]} Qxe5 {[%emt 0:00:08]} 24. c5 {[%emt 0:00:09]} Nf4 {[%emt 0:05:48]} 25. c6 {[%emt 0:04:01]} Rf6 {[%emt 0:05:55]} 26. Rfe1 {[%emt 0:01:11]} Qb8 {[%emt 0:06:59]} 27. Bc4 {[%emt 0:00:45]} Qf8 {[%emt 0:07:03]} 28. g3 {[%emt 0:00:16]} Nh3+ {[%emt 0:00:18]} 29. Kg2 {[%emt 0:01:07]} Ng5 {[%emt 0:00:23]} 30. f4 {[%emt 0:03:22]} Ne4 {[%emt 0:00:17]} 31. Qb3 {[%emt 0:01:57]} Qf7 {[%emt 0:02:45]} 32. Rd7 {[%emt 0:01:17]} Rh6 {[%emt 0:00:03]} 33. h4 {[%emt 0:04:41]} Kf8 {[%emt 0:04:54]} 34. c7 {[%emt 0:01:15]} Qe8 {[%emt 0:05:48]} 35. Red1 {[%emt 0:00:25]} Nc5 {[%emt 0:00:10]} 36. Nxc5 {[%emt 0:00:45]} bxc5 {[%emt 0:00:03]} 37. Bxe6 {[%emt 0:01:17]} Rc8 {[%emt 0:00:10]} 38. Qd5 {[%emt 0:00:46]} Rxe6 {[%emt 0:00:41]} 39. Qxe6 {[%emt 0:00:13]} Bf6 {[%emt 0:00:02]} 40. Rf7+ {[%emt 0:00:00]} 1-0

[Event "12th Asrian Memorial 2019"]
[Site "Yerevan"]
[Date "2019.06.17"]
[Round "7.11"]
[White "Chibukhchian, Artur"]
[Black "Manukyan, Aleks"]
[Result "1-0"]
[WhiteElo "2374"]
[BlackElo "1961"]
[Annotator "TA"]
[PlyCount "73"]
[EventDate "2019.06.11"]
[EventType "swiss"]
[EventCountry "ARM"]
[SourceTitle "playchess.com"]
[Source "ChessBase"]
[SourceQuality "1"]

{[%evp 23,73,26,59,36,62,62,50,72,85,82,157,157,160,155,363,350,354,354,372,222,242,236,235,231,238,236,251,227,229,220,213,147,265,173,262,174,206,109,195,200,263,229,618,589,612,597,597,591,583,535,543,522]} 1. Nf3 Nf6 2. c4 c5 3. Nc3 Nc6 4. e3 g6 5. d4 cxd4 6. exd4 d5 7. cxd5 Nxd5 8. Qb3 Nxc3 9. Bc4 Nd5 10. Bxd5 e6 11. Bxc6+ bxc6 12. O-O Bg7 13. Bg5 {A35: Symmetrical English: 2 Nc3 Nc6 3 Nf3} Qd6 14. Qe3 O-O 15. Rfc1 {White is slightly better.} Qb4 16. b3 c5 ({Black should try} 16... f6) 17. Rxc5 $146 ({Predecessor:} 17. Be7 cxd4 18. Qg5 Qb6 19. Bxf8 Kxf8 20. Ne5 Kg8 {0-1 (39) Plaskett,H (2410)-Negulescu,A Groningen 1979}) 17... Bb7 18. Ne5 h6 $2 (18... Bd5 $16 19. Rac1 f6) 19. Rc4 ({Less strong is} 19. Bxh6 Bxh6 20. Qxh6 Qxd4 $14) 19... Qd6 20. Bxh6 Qd5 {[%csl Gb7][%cal Rd5g2] [#]} 21. Nf3 (21. f3 $142) 21... Bxh6 22. Qxh6 {And now Rc5 would win.} Rfc8 23. Rac1 Rxc4 24. bxc4 Qf5 25. Qe3 Bxf3 26. gxf3 $18 {[%mdl 4096] Endgame KQR-KQR} Rd8 {If Black can now play ...Rxd4 this consolidates a bit.} 27. Kh1 Kh7 (27... Qf6 $16) 28. a3 a5 (28... Qf6 $142 29. Rd1 Rh8) 29. f4 Rc8 {intending ...Rxc4.} 30. Qf3 (30. c5 $18) 30... Kg7 (30... Rd8 $16) 31. c5 {[%cal Bc4c5,Bc5c6,Bc6c7][%mdl 32]} Rh8 32. c6 Rh3 $2 {[#]} (32... Qf6 33. c7 Rc8) 33. Qxh3 $3 {[%mdl 576] Promotion. White is clearly winning.} Qxh3 34. c7 Qf3+ 35. Kg1 Qg4+ 36. Kf1 Qh3+ 37. Ke1 {Accuracy: White = 65%, Black = 19%.} 1-0

[Event "12th Asrian Memorial 2019"]
[Site "Yerevan"]
[Date "2019.06.17"]
[Round "7.12"]
[White "Der Manuelian, Haik"]
[Black "Baghdasaryan, Vahe"]
[Result "*"]
[WhiteElo "2309"]
[BlackElo "2357"]
[Annotator "NA RC"]
[PlyCount "129"]
[EventDate "2019.06.11"]
[EventType "swiss"]
[EventCountry "ARM"]
[SourceTitle "playchess.com"]
[Source "ChessBase"]
[SourceQuality "1"]
[TimeControl "40/5400+30:1800+30"]

1. d4 {[%emt 0:00:00]} e6 {[%emt 0:02:08]} 2. c4 {[%emt 0:00:11]} b6 {[%emt 0:00:06]} 3. e4 {[%emt 0:05:51]} Bb7 {[%emt 0:07:25]} 4. Nc3 {[%emt 0:02:49]} Bb4 {[%emt 0:00:32]} 5. Qc2 {[%emt 0:07:18]} Qh4 {[%emt 0:03:48]} 6. d5 $11 {[%emt 0:09:14]} Bxc3+ {[%emt 0:11:07]} 7. bxc3 {[%emt 0:00:30]} f5 {[%emt 0:07:41]} 8. exf5 {[%emt 0:04:04]} exd5 {[%emt 0:06:47]} 9. Nf3 {[%emt 0:00:30]} Qe4+ {[%emt 0:08:31]} 10. Qxe4+ {[%emt 0:00:53]} dxe4 {[%emt 0:00:03]} 11. Nd4 {[%emt 0:01:43]} Nc6 {[%emt 0:02:41]} 12. Nxc6 {[%emt 0:14:15]} Bxc6 {[%emt 0:00:45]} 13. Bg5 {[%emt 0:01:40]} d6 {[%emt 0:10:27]} 14. Be2 {[%emt 0:00:51]} Kd7 {[%emt 0:06:02]} 15. O-O-O {[%emt 0:00:49]} Re8 {[%emt 0:02:06]} 16. Be3 {[%emt 0:06:44]} h5 {[%emt 0:12:03]} 17. h3 {[%emt 0:00:50]} Ne7 {[%emt 0:02:20]} 18. g4 {[%emt 0:00:19]} Ref8 {[%emt 0:02:10]} 19. Rhg1 {[%emt 0:04:33]} Ba4 {[%emt 0:05:43]} 20. Rde1 {[%emt 0:03:58]} hxg4 {[%emt 0:00:44]} 21. hxg4 {[%emt 0:00:08]} g6 {[%emt 0:02:08]} 22. f6 {[%emt 0:07:42]} Rxf6 {[%emt 0:01:44]} 23. Bd4 {[%emt 0:00:04]} Rhf8 {[%emt 0:00:09]} 24. Bxf6 {[%emt 0:00:09]} Rxf6 {[%emt 0:00:01]} 25. Ref1 {[%emt 0:04:46]} Bc6 {[%emt 0:03:15]} 26. g5 {[%emt 0:04:05]} Rf4 {[%emt 0:00:45]} 27. Bg4+ {[%emt 0:02:58]} Ke8 {[%emt 0:00:56]} 28. Be6 {[%emt 0:01:23]} Bd7 {[%emt 0:00:22]} 29. Bxd7+ {[%emt 0:00:51]} Kxd7 {[%emt 0:00:01]} 30. Re1 {[%emt 0:08:16]} Nc6 {[%emt 0:00:23]} 31. Re2 {[%emt 0:02:17]} Ne5 {[%emt 0:00:13]} 32. Rd1 {[%emt 0:01:07]} c5 {[%emt 0:00:58]} 33. Rh1 {[%emt 0:00:40]} a5 {[%emt 0:00:41]} 34. Kc2 {[%emt 0:03:27]} Nxc4 {[%emt 0:00:29]} 35. Kb3 {[%emt 0:00:59]} Ne5 {[%emt 0:00:36]} 36. c4 {[%emt 0:00:59]} a4+ {[%emt 0:01:35]} 37. Kxa4 {[%emt 0:00:34]} Nxc4 {[%emt 0:00:24]} 38. Kb5 {[%emt 0:00:22]} e3 {[%emt 0:00:38]} 39. Rh7+ {[%emt 0:00:51]} Ke6 {[%emt 0:00:27]} 40. fxe3 {[%emt 0:00:00]} Re4 {[%emt 0:00:00]} 41. Rg7 {[%emt 0:09:11]} Ne5 {[%emt 0:18:52]} 42. Kxb6 {[%emt 0:00:23]} Rb4+ {[%emt 0:00:17]} 43. Kc7 {[%emt 0:02:01]} c4 {[%emt 0:00:01]} 44. Rh7 {[%emt 0:08:48]} c3 {[%emt 0:00:22]} 45. Rc2 {[%emt 0:04:22]} Rc4+ {[%emt 0:00:33]} 46. Kb7 {[%emt 0:01:32]} Nd3 {[%emt 0:08:18]} 47. a3 {[%emt 0:02:18]} Kd5 {[%emt 0:02:39]} 48. Kb6 {[%emt 0:04:40]} Ne1 {[%emt 0:02:30]} 49. Rc1 {[%emt 0:00:09]} Nd3 {[%emt 0:00:12]} 50. Rc2 {[%emt 0:00:24]} Rc5 {[%emt 0:01:40]} 51. Rh4 {[%emt 0:00:15]} Ne5 {[%emt 0:00:35]} 52. Rd4+ Ke6 53. a4 {[%emt 0:02:40]} Nc4+ {[%emt 0:01:00]} 54. Rxc4 {[%emt 0:01:02]} Rxc4 {[%emt 0:00:02]} 55. a5 {[%emt 0:00:14]} Kd5 {[%emt 0:00:50]} 56. a6 {[%emt 0:00:22]} Rb4+ {[%emt 0:00:04]} 57. Ka5 {[%emt 0:00:31]} Rb3 {[%emt 0:01:03]} 58. Ka4 {[%emt 0:00:52]} Rb6 {[%emt 0:00:28]} 59. Ka5 {[%emt 0:00:15]} Rb3 {[%emt 0:00:24]} 60. Ka4 {[%emt 0:00:40]} Rb6 {[%emt 0:00:42]} 61. Ka5 {[%emt 0:00:15]} Rb3 {[%emt 0:00:03]} 62. Ka4 {[%emt 0:00:52]} Rb6 {[%emt 0:00:37]} 63. Ka5 {[%emt 0:00:06]} Rb3 {[%emt 0:00:23]} 64. Ra2 Kc6 65. Rc2 *

[Event "12th Asrian Memorial 2019"]
[Site "Yerevan"]
[Date "2019.06.17"]
[Round "7.14"]
[White "Chaqryan, Erik"]
[Black "Vaganian, Rafael A"]
[Result "*"]
[WhiteElo "2069"]
[BlackElo "2526"]
[Annotator "TA"]
[PlyCount "34"]
[EventDate "2019.06.11"]
[EventType "swiss"]
[EventCountry "ARM"]
[SourceTitle "playchess.com"]
[Source "ChessBase"]
[SourceQuality "1"]

{[%evp 16,34,60,39,54,-8,-7,-7,-14,-5,0,-65,-40,-88,-87,-82,0,0,-3,-27,-7]} 1. d4 Nf6 2. c4 e6 3. Nc3 Bb4 4. e3 Bxc3+ 5. bxc3 c5 6. Bd3 d6 7. Ne2 e5 8. e4 Nc6 9. O-O h6 {E41: Nimzo-Indian: Rubinstein: 4...c5 5 Bd3, including Hübner Variation} (9... O-O 10. f3 b6 11. Be3 h6 12. Qd2 Re8 13. Rad1 Ba6 14. a4 Na5 15. Qa2 Rc8 16. d5 Nh5 17. g4 Nf6 {1-0 (40) Laznicka,V (2679)-Korobov,A (2680) Dubai 2014}) 10. f4 ({White should try} 10. d5 $14 Ne7 11. Rb1) 10... cxd4 11. cxd4 exd4 {The position is equal.} 12. Ng3 O-O $146 ({Predecessor:} 12... Ng4 13. Qf3 Qh4 14. h3 Nge5 15. fxe5 Nxe5 {½-½ (15) Norri,J (2365)-Kiik,K (2385) Helsinki 1996}) 13. Bd2 (13. h3 $11) 13... b6 14. Qf3 {aiming for e5.} Bg4 15. Qf2 {[#]} Bd7 (15... Nd7 $1 $17 {Black wants to play ...Nc5.} 16. Bc1 Nc5) 16. h3 $11 Re8 17. Rae1 Qc7 *

[Event "12th Asrian Memorial 2019"]
[Site "Yerevan"]
[Date "2019.06.18"]
[Round "8.1"]
[White "Sargsyan, Shant"]
[Black "Mikaelyan, Arman"]
[Result "1-0"]
[WhiteElo "2512"]
[BlackElo "2453"]
[Annotator "ChessBase"]
[PlyCount "119"]
[EventDate "2019.06.11"]
[EventType "swiss"]
[EventCountry "ARM"]
[SourceTitle "playchess.com"]
[Source "ChessBase"]
[SourceQuality "1"]
[TimeControl "40/5400+30:1800+30"]

1. d4 {[%emt 0:01:55]} Nf6 {[%emt 0:00:00]} 2. c4 {[%emt 0:00:20]} g6 {[%emt 0:00:00]} 3. Nc3 {[%emt 0:00:31]} Bg7 {[%emt 0:00:14]} 4. e4 {[%emt 0:00:15]} d6 {[%emt 0:00:13]} 5. Be2 {[%emt 0:00:31]} O-O {[%emt 0:00:22]} 6. Be3 {[%emt 0:00:07]} c5 {[%emt 0:05:47]} 7. d5 {[%emt 0:01:12]} e6 {[%emt 0:04:25]} 8. Nf3 {[%emt 0:01:04]} exd5 {[%emt 0:01:14]} 9. cxd5 {[%emt 0:00:53]} Bg4 {[%emt 0:06:51]} 10. Nd2 {[%emt 0:01:08]} Bxe2 {[%emt 0:00:26]} 11. Qxe2 {[%emt 0:00:03]} Re8 {[%emt 0:01:11]} 12. O-O {[%emt 0:01:24]} a6 {[%emt 0:05:30]} 13. a4 {[%emt 0:01:14]} Nbd7 {[%emt 0:00:06]} 14. f3 {[%emt 0:02:41]} Ne5 {[%emt 0:00:53]} 15. Rfc1 {[%emt 0:10:37]} Rc8 {[%emt 0:06:24]} 16. a5 {[%emt 0:03:55]} h5 {[%emt 0:06:52]} 17. h3 {[%emt 0:03:41]} Nh7 {[%emt 0:07:19]} 18. f4 {[%emt 0:10:27]} Nd7 {[%emt 0:00:14]} 19. Nc4 {[%emt 0:01:33]} Qe7 {[%emt 0:14:47]} 20. Qf3 {[%emt 0:15:18]} Bxc3 {[%emt 0:06:57]} 21. Rxc3 {[%emt 0:02:08]} Nhf6 {[%emt 0:00:33]} 22. Rb3 {[%emt 0:07:30]} Rb8 {[%emt 0:08:14]} 23. e5 {[%emt 0:04:16]} dxe5 {[%emt 0:00:04]} 24. fxe5 {[%emt 0:01:52]} Nxe5 {[%emt 0:00:05]} 25. Nxe5 {[%emt 0:00:04]} Qxe5 {[%emt 0:00:03]} 26. Rf1 {[%emt 0:00:31]} c4 {[%emt 0:03:31]} 27. Ra3 {[%emt 0:02:51]} Nxd5 {[%emt 0:05:06]} 28. Qxf7+ {[%emt 0:00:28]} Kh8 {[%emt 0:00:03]} 29. Qxg6 {[%emt 0:03:16]} Re6 {[%emt 0:07:05]} 30. Rf5 {[%emt 0:00:38]} Rxg6 {[%emt 0:00:54]} 31. Rxe5 {[%emt 0:00:02]} Nxe3 {[%emt 0:01:28]} 32. Rxh5+ {[%emt 0:00:31]} Kg8 {[%emt 0:00:02]} 33. Rxe3 {[%emt 0:00:09]} b6 {[%emt 0:00:30]} 34. axb6 {[%emt 0:06:58]} Rgxb6 {[%emt 0:00:41]} 35. Rc5 {[%emt 0:01:53]} Rxb2 {[%emt 0:00:25]} 36. Rxc4 {[%emt 0:00:12]} R2b6 {[%emt 0:03:47]} 37. Re7 {[%emt 0:06:11]} R6b7 {[%emt 0:01:21]} 38. Rxb7 {[%emt 0:04:15]} Rxb7 {[%emt 0:00:03]} 39. Ra4 {[%emt 0:00:46]} Rb6 {[%emt 0:00:09]} 40. Kh2 {[%emt 0:00:00]} Kg7 {[%emt 0:00:00]} 41. h4 {[%emt 0:02:03]} Kf6 {[%emt 0:00:39]} 42. Kh3 {[%emt 0:01:40]} Kf5 {[%emt 0:00:10]} 43. Ra5+ {[%emt 0:01:48]} Kf6 {[%emt 0:00:45]} 44. g3 {[%emt 0:03:24]} Re6 {[%emt 0:00:31]} 45. Ra3 {[%emt 0:01:57]} Kf5 {[%emt 0:00:43]} 46. Ra5+ {[%emt 0:02:20]} Kf6 {[%emt 0:00:12]} 47. Kg4 {[%emt 0:00:58]} Rb6 {[%emt 0:00:13]} 48. Ra4 {[%emt 0:00:14]} Re6 {[%emt 0:01:00]} 49. h5 {[%emt 0:00:26]} Rb6 {[%emt 0:00:14]} 50. Kh4 {[%emt 0:00:28]} Re6 {[%emt 0:00:10]} 51. g4 {[%emt 0:00:13]} Rb6 {[%emt 0:00:03]} 52. Ra5 {[%emt 0:00:26]} Rc6 {[%emt 0:00:28]} 53. Rd5 {[%emt 0:00:57]} Rb6 {[%emt 0:00:42]} 54. Rc5 {[%emt 0:00:27]} Rd6 {[%emt 0:00:28]} 55. g5+ {[%emt 0:00:30]} Kg7 {[%emt 0:00:09]} 56. Rc7+ {[%emt 0:00:09]} Kg8 {[%emt 0:00:04]} 57. h6 {[%emt 0:00:52]} Rd8 {[%emt 0:00:29]} 58. Ra7 {[%emt 0:00:11]} Rd6 {[%emt 0:00:03]} 59. Kh5 {[%emt 0:00:04]} Rb6 {[%emt 0:00:30]} 60. h7+ {[%emt 0:00:18]} 1-0

[Event "12th Asrian Memorial 2019"]
[Site "Yerevan"]
[Date "2019.06.18"]
[Round "8.2"]
[White "Onischuk, Vladimir"]
[Black "Davtyan, Artur"]
[Result "1-0"]
[WhiteElo "2630"]
[BlackElo "2431"]
[Annotator "TA"]
[PlyCount "115"]
[EventDate "2019.06.11"]
[EventType "swiss"]
[EventCountry "ARM"]
[SourceTitle "playchess.com"]
[Source "ChessBase"]
[SourceQuality "1"]

{[%evp 13,115,11,10,7,22,6,15,10,12,15,29,25,24,9,65,60,98,104,107,106,113,120,112,79,100,83,84,84,75,56,83,38,90,87,89,97,93,97,136,141,159,158,130,134,149,145,150,141,137,122,212,206,214,204,243,255,248,174,175,179,179,125,126,124,223,236,236,230,240,235,236,239,236,236,221,221,193,177,593,579,585,572,656,546,5081,5807,12797,12429,29976,29974,29975,29975,29973,29974,5297,5193,29986,29982,29988,29989,29989,29990,29991,29991]} 1. e4 e5 2. Nf3 Nc6 3. Bb5 a6 4. Ba4 Nf6 5. d3 Bc5 6. c3 d6 7. O-O O-O 8. Nbd2 {[%cal Bb1d2,Bd2f1,Bf1g3,Bg3h5][%mdl 32] C78: Ruy Lopez: Archangelsk and Möller Defences} ({Predecessor:} 8. Re1 Ba7 9. h3 Ne7 {½-½ (30) Sevian,S (2615)-Azarov,S (2556) Saint Louis 2017}) 8... Ba7 9. h3 Ne7 10. Re1 $146 {The position is equal.} (10. d4 Ng6 11. Bc2 c5 12. dxe5 dxe5 13. Nc4 Qc7 14. Bg5 Be6 15. Ne3 {1-0 (42) Bosiocic,M (2599)-Wang,H (2730) St Petersburg 2018}) 10... Ng6 11. Nf1 Nh5 12. d4 Nhf4 13. Ng3 Qf6 {[#]} (13... c5 $11) 14. Nh5 $1 $14 {[%mdl 512]} Qe7 ({Not} 14... Nxh5 $2 15. Bg5 $18) 15. Bxf4 Nxf4 16. Nxf4 exf4 17. Qd2 Qf6 18. e5 dxe5 19. Rxe5 c6 20. Rae1 Bb8 21. R5e2 $36 {[%mdl 2048] White fights for an advantage.} Bd6 22. Bb3 Bf5 ({Better is} 22... g6 $14) 23. Ne5 $16 f3 24. Nxf3 Bxh3 {[#]} 25. Ne5 $1 Be6 26. Bxe6 Qxe6 {[#]} 27. Nxc6 $1 {[%mdl 576] Discovered Attack} Qxa2 (27... bxc6 28. Rxe6) 28. Ne7+ Bxe7 29. Rxe7 Qd5 30. R1e5 Qc6 31. Rc5 Qd6 (31... Qg6 $16 {was necessary.}) 32. Rxb7 $18 Rae8 33. Rbc7 Qg6 34. Qd1 Re4 35. Rc8 Qe6 36. Rxf8+ Kxf8 37. Re5 (37. Kf1 $18) 37... Rxe5 $16 38. dxe5 Qxe5 {[%mdl 4096] Endgame KQ-KQ} (38... Ke7 $16 {is a better defense.}) 39. Qd8+ $18 Qe8 40. Qd6+ Qe7 41. Qxa6 Qe1+ 42. Qf1 Qd2 43. Qa1 g6 44. b4 {[%cal Bb2b4,Bb4b5,Bb5b6,Bb6b7][%mdl 32]} Qd3 45. Qc1 f6 $2 (45... Qc4 {is a better chance.} 46. Qb2 Qd3) 46. c4 Qb3 47. b5 g5 48. Qa1 Kf7 49. Qd4 Qb4 50. b6 h5 51. Qd5+ Kg7 52. b7 Kh6 53. g3 Qb1+ 54. Kg2 g4 55. c5 {White mates.} Qb5 56. Qe4 Kg7 57. c6 Qb6 58. Qe7+ {Accuracy: White = 90%, Black = 40%.} 1-0

[Event "12th Asrian Memorial 2019"]
[Site "Yerevan"]
[Date "2019.06.18"]
[Round "8.3"]
[White "Andriasian, Zaven"]
[Black "Shahinyan, David"]
[Result "0-1"]
[WhiteElo "2600"]
[BlackElo "2429"]
[Annotator "TA"]
[PlyCount "74"]
[EventDate "2019.06.11"]
[EventType "swiss"]
[EventCountry "ARM"]
[SourceTitle "playchess.com"]
[Source "ChessBase"]
[SourceQuality "1"]

{[%evp 15,74,41,31,41,32,26,36,43,54,24,31,0,10,0,2,-67,-58,-60,-45,-87,-84,-82,-52,-60,-20,-22,-35,-132,-121,-135,-138,-130,-93,-200,-204,-179,-150,-189,-186,-203,-193,-239,-243,-250,-249,-247,-246,-341,-341,-335,-339,-381,-390,-389,-381,-373,-330,-29995,-432,-29996,-29997]} 1. Nf3 d5 2. g3 Nc6 3. d4 Bg4 4. Bg2 e6 5. O-O Bd6 6. c4 Nf6 7. Nc3 O-O 8. cxd5 Nxd5 9. h3 {D02: 1 d4 d5 2 Nf3 sidelines, including 2...Nf6 3 g3 and 2...Nf6 3 Bf4} Bh5 10. e4 Nb6 11. g4 {White is slightly better.} Bg6 12. Re1 $146 ({Predecessor:} 12. Qe2 f5 13. Rd1 Qe8 14. gxf5 Bh5 15. fxe6 Qxe6 16. e5 Rae8 {½-½ (42) Almasi,Z (2695)-Anton Guijarro,D (2607) Germany 2014}) 12... Qd7 13. Qe2 Rae8 14. Be3 f5 15. e5 (15. Rad1 $11) 15... Be7 $15 16. Rad1 Nb4 17. Bc1 fxg4 18. hxg4 N4d5 19. Ng5 Nf4 20. Bxf4 $1 Rxf4 21. Nge4 (21. Nh3 $1 $15 Rxd4 22. Nf4) 21... c6 $17 22. f3 Ref8 23. Rf1 Nd5 24. Qd2 {[#]} (24. Nxd5 $17 cxd5 25. Nf2) 24... Bxe4 $1 $19 25. Nxe4 Qd8 26. Qd3 Bg5 {Hoping for ...Rxe4!} 27. Rfe1 Bh6 28. Nc3 Qh4 {Strongly threatening ...Rxf3!} 29. Nxd5 cxd5 30. Qe2 Qg3 {[%cal Rf4f3]} 31. Rd3 {[#]} Rxf3 $1 {[%mdl 512]} 32. Rxf3 Rxf3 {[%mdl 64] Pin} 33. g5 Bxg5 34. Qxf3 Qxe1+ 35. Kh2 Qe3 36. Qd1 $2 (36. Qxe3 $19 Bxe3 37. Kg3) 36... Bf4+ 37. Kh1 Qg3 {Accuracy: White = 50%, Black = 83%.} 0-1